00000000nam 2200000za 4500
0019.846040
003CaOODSP
00520221107153114
007cr |||||||||||
008171024s1991    onc    #ob   f000 0 eng d
040 |aCaOODSP|beng
043 |an-cn---
0861 |aR5-528/1991E-PDF
24500|aBig Bear |h[electronic resource] / |cby D.I.A.N.D.
260 |aOttawa : |bIndian and Northern Affairs Canada, |c[1991?].
300 |a1 v. (various pagings)
500 |aTitle from cover.
500 |a"Photocopy of typescript."--Cover.
500 |aDigitized edition from print [produced by Indigenous and Northern Affairs Canada].
504 |aIncludes bibliographical references.
520 |a"The fact that Big Bear was never recognised as a chief by the Hudson’s Bay Company indicates his position of independence. Not only was he reluctant to concede any authority to the Company or other white men, but also refused to stand in awe of the Métis. Because of his reputation for independence, Big Bear attracted a large following of Cree people, many of whom were aggressive and belligerent. For this reason, his band soon came to be regarded with disfavour by the Blackfoot, Hudson’s Bay Company and missionaries."--p. [1].
69207|2gccst|aIndians
69207|2gccst|aAboriginal peoples
69207|2gccst|aAgreements
7101 |aCanada. |bIndian and Northern Affairs Canada.
85640|qPDF|s1.20 MB|uhttps://publications.gc.ca/collections/collection_2017/aanc-inac/R5-528-1991-eng.pdf